Представление документа в формате MARC21

Поле Инд. ПП Название Значение
Тип записи a
Библиографический уровень m
001 Контрольный номер RU/LIBMSTU/411659176
005 Дата корректировки 20181222112537.8
008 Кодируемые данные 130125|||||||||ru |||||||||||000|||rus||
020 a ISBN 978-5-9916-2510-4
020 a ISBN 978-5-9692-1428-6
040 b Код языка каталог. rus
041 0_ a Код языка текста rus
084 a Индекс другой классификации/Индекс ББК 67.400(2Рос)
090 a Полочн. индекс 67.400
x Авторский знак С 84
100 1_ a Автор Стрекозов В. Г.
245 10 a Заглавие Конституционное право России
b Продолж. заглавия учеб. для бакалавров : [базовый курс]
250 a Основные сведения об издании 4-е изд., перераб. и доп.
260 a Место издания Москва
b Издательство Юрайт
c Дата издания 2013
300 a Объем 316 с.
440 _0 a Серия Бакалавр. Базовый курс
504 a Библиография Библиогр.: с. 314-316
650 04 a Основная рубрика Конституционное право Российской Федерации-Учебные издания для высших учебных заведений-Бакалавриат
653 0_ a Ключевые слова Власть государственная; Избирательная система; Конституционное право; Права граждан; Права человека; Правительство; Право конституционное; Президенты; Самоуправление местное; Суверенитет народа; Федеральное устройство
901 t Тип документа m
952 b Гриф литературы для ВШ Допущено УМО по юридическому образованию вузов РФ
c Вид литературы учебник